00448nam a2200157Ia 4500020001800000082002300018100001400041245005900055260004000114300000800154650001500162650001700177650001600194650003700210650004300247 a9788180697708 a305.43054164 SAT-O aSatya, Y. 0aOccupational inclinations of tribal women in Meghalaya aNew DelhibConcept Publishingc2012 a238 aKHASIS,THE aJAINTIAS,THE aWOMEN, GARO aTRIBAL WOMEN - INDIA - MEGHALAYA aTRIBES AND TRIBALS - INDIA - MEGHALAYA